Rappers by Album - Statistics

General Stats
  • This quiz has been taken 88 times
  • The average score is 10 of 15
Answer Stats
Hint Answer % Correct
The Collage Dropout Kanye West
89%
To Pimp a Butterfly Kendrick Lamar
84%
Rodeo Travis Scott
80%
All Eyez on me Tupac
80%
Legends Never Die Juice WRLD
79%
? XXXTentacion
79%
Get Rich or die Tryin’ 50 Cent
76%
IllMatic Nas
70%
Encore Eminem
69%
I Am > I Was 21 Savage
64%
Welcome to O’Block King Von
64%
2001 Dr Dre
57%
American Gangster Jay-Z
43%
Tha Last Meal Snoop Dogg
29%
I am You YNW Melly
7%
No matching quizzes found
Score Distribution
Percent of People with Each Score
Percentile by Number Answered
Your Score History
You have not taken this quiz